[Event "ESP-ch 78th"]
[Site "Linares"]
[Date "2013.08.29"]
[Round "1"]
[White "Zorrilla Leonardo, Victor M"]
[Black "Andres Gonzalez, Ivan"]
[Result "0-1"]
[WhiteElo "1890"]
[BlackElo "2311"]
[PlyCount "88"]
[EventDate "2013.08.29"]
[EventType "swiss"]
[EventRounds "9"]
[EventCountry "ESP"]
[SourceTitle "CBM 156 Extra"]
[Source "ChessBase"]
[SourceDate "2013.10.22"]
[SourceVersion "1"]
[SourceVersionDate "2013.10.22"]
[SourceQuality "1"]

1. d4 Nf6 2. Nf3 c5 3. c3 b6 4. Bf4 Bb7 5. e3 d6 6. Nbd2 Nbd7 7. h3 g6 8. Be2 Bg7 9. 0-0 0-0 10. a4 a6 11. Re1 Rc8 12. Qb3 Bd5 13. c4 Bb7 14. d5 Rb8 15. e4 Qc7 16. Qc2 Ne5 17. Bh2 e6 18. Nxe5 dxe5 19. Nf3 Ne8 20. dxe6 f6 21. Nh4 Qe7 22. Bg4 Nc7 23. Nf5 gxf5 24. exf5 Rbd8 25. f4 e4 26. Kf1 a5 27. Bg1 Na6 28. Red1 Nb4 29. Qf2 Nd3 30. Qd2 Rd6 31. Be3 Rfd8 32. Qe2 Nb4 33. Bh5 Bc6 34. Bf7+ Kh8 35. Qh5 Nc2 36. Bf2 Nxa1 37. Rxa1 Be8 38. Bg6 h6 39. Re1 Bxg6 40. fxg6 Qxe6 41. f5 Qxc4+ 42. Kg1 Rd3 43. Bh4 Qd4+ 44. Kh2 Qd6+ 0-1

[Event "Cantabria-ch"]
[Site "Cantabria"]
[Date "2009.03.28"]
[Round "3"]
[White "Quirce Teja, Javier"]
[Black "Zorrilla Leonardo, Victor M"]
[Result "0-1"]
[WhiteElo "1727"]
[BlackElo "1893"]
[PlyCount "85"]
[EventDate "2009.03.14"]
[EventType "swiss"]
[EventRounds "7"]
[EventCountry "ESP"]
[SourceTitle "EXT 2024"]
[Source "ChessBase"]
[SourceDate "2023.10.10"]
[SourceVersion "1"]
[SourceVersionDate "2023.10.10"]
[SourceQuality "1"]

1. d4 Nf6 2. Nf3 g6 3. c4 Bg7 4. Nc3 0-0 5. Bg5 h6 6. Bh4 d6 7. e3 g5 8. Bg3 Nh5 9. Be2 Nd7 10. Qc2 Nxg3 11. hxg3 e6 12. 0-0-0 a6 13. Rh2 Re8 14. Rdh1 Nf8 15. Bd3 Bd7 16. Ne4 f5 17. Nc3 b5 18. Nd2 b4 19. Na4 c5 20. b3 cxd4 21. exd4 Qf6 22. Nb6 Rad8 23. Nxd7 Rxd7 24. Re1 Rc8 25. d5 Rf7 26. dxe6 Nxe6 27. Bxf5 Nd4 28. Bh7+ Kf8 29. Qg6 Qxg6 30. Bxg6 Rxf2 31. Rhh1 Ne2+ 32. Kc2 Nxg3 33. Rh3 Rxg2 34. Re3 Rxd2+ 35. Kxd2 Nf1+ 36. Kd3 Nxe3 37. Rxe3 Be5 38. Bh5 Kg7 39. Ke4 Kf6 40. Rd3 Bf4 41. Rd5 Rc5 42. Rd3 Re5+ 43. Kf3 0-1